00634nam a22002057a 450000500170000001000150001702000110003203500140004303700090005708200110006610000200007724500230009724600430012025000080016326000880017127001110025930000240037070000280039476000060042220250324115155.0 aENG-144165 c300.00 aEN-127697 bDBAD a50321 aDr. Anil Gandhi aHigh-Tech Lifeline aTransforming Lives Through Transplants aIst aG.D. Ambedkar Marg, Wadala, Mumbai bSoniya Khare Inking Innovationsc20 March 2014 aGround Floor, India Printing House 42,G.D Ambedkar Marg bMumbaie400 031k(022) 2418 6233 mipw@vsnl.net a296,p c21.4 cm(Pb) aDr. Anil GandhieEditor b1